| 000 | 00470nam a2200181Ia 4500 | ||
|---|---|---|---|
| 001 | 13039 | ||
| 005 | 20260306163024.0 | ||
| 008 | 260306t1995||||xx |||||||||||||| ||spa|| | ||
| 041 | _aESP | ||
| 082 |
_aRD 658.03 _bS22 |
||
| 100 |
_aSánchez Guzmán, José Ramón _eAUT |
||
| 245 | 0 |
_aPromoción en marketing: _bbreve diccionario enciclopédico |
|
| 260 | _c1995 | ||
| 300 |
_a174 páginas : _c25 cm. |
||
| 650 | _aGEN | ||
| 654 | _aCAN | ||
| 942 |
_cDIC _dJUS _fJUS _2ddc _n |
||
| 999 |
_c13039 _d13039 |
||